000 00515nam a2200181Ia 4500
999 _c36226
_d36226
003 OSt
005 20201215125421.0
008 190216s9999||||xx |||||||||||||| ||und||
020 _a8171307159
040 _coclc
082 _a610
_bPAN/N
100 _aPanicker, K S Natesa
_97509
245 0 _aNaveena Homoeo Oushadha Vijnaneeyam /
_cK S Natesa Panicker
260 _bDc Books,
_a Kottayam:
_c1997.
300 _a452p
650 _aMalayalam
942 _cREF
_2ddc
_h610
_iPAN/N
_k610
_mPAN/N